[Event "CZE-chT2d 0607"]
[Site "Czech Republic"]
[Date "2007.02.11"]
[Round "7"]
[White "Adam, Petr"]
[Black "Cerveny, Petr"]
[Result "0-1"]
[WhiteElo "2086"]
[BlackElo "2286"]
[PlyCount "118"]
[EventDate "2006.10.15"]
[EventType "team-tourn"]
[EventRounds "11"]
[EventCountry "CZE"]
[SourceTitle "EXT 2009"]
[Source "ChessBase"]
[SourceDate "2008.11.26"]
[SourceVersion "1"]
[SourceVersionDate "2008.11.26"]
[SourceQuality "1"]

1. c4 Nf6 2. Nc3 d5 3. cxd5 Nxd5 4. g3 g6 5. Bg2 Nxc3 6. bxc3 Bg7 7. Rb1 0-0 8. c4 Nd7 9. Nf3 c5 10. 0-0 Nb6 11. d3 Qc7 12. Be3 Bd7 13. Nd2 Rab8 14. Ne4 Na4 15. Qd2 Bc6 16. Rb3 Rfd8 17. Bf4 Be5 18. Bxe5 Qxe5 19. Ng5 Bxg2 20. Kxg2 Nb6 21. Nf3 Qe6 22. Rfb1 Qc6 23. Kg1 Nc8 24. Ne5 Qa6 25. Nxf7 Kxf7 26. Qf4+ Ke8 27. Qxb8 Nd6 28. Qc7 Rc8 29. Qxc8+ Nxc8 30. Rxb7 Qxa2 31. Rb8 Kd8 32. R1b2 Qa1+ 33. Kg2 Qa6 34. R2b7 Qd6 35. Kg1 a5 36. Ra8 Qc6 37. Rba7 Ke8 38. Ra6 Qc7 39. Rxa5 Kf7 40. Rb5 Nb6 41. Raa5 Nd7 42. h4 h6 43. Kf1 g5 44. hxg5 hxg5 45. Ke1 g4 46. Kd2 Qe5 47. Ra7 Nf8 48. Rbb7 Ng6 49. Rc7 Qb2+ 50. Kd1 Qb1+ 51. Kd2 Qf1 52. Rxc5 Qxf2 53. Raa5 Qxg3 54. Rf5+ Kg7 55. Rf1 Qh2 56. Raa1 Qh6+ 57. Kd1 Qe3 58. Rc1 Nf4 59. Rc2 Nxd3 0-1

[Event "Znojmo op1"]
[Site "Znojmo"]
[Date "2007.??.??"]
[Round "5"]
[White "Adam, Petr"]
[Black "Dolezal, Rudolf"]
[Result "1/2-1/2"]
[WhiteElo "2085"]
[BlackElo "1765"]
[PlyCount "104"]
[EventDate "2007.01.??"]
[EventType "swiss"]
[EventRounds "9"]
[EventCountry "CZE"]
[SourceTitle "EXT 2010"]
[Source "ChessBase"]
[SourceDate "2010.11.25"]
[SourceVersion "1"]
[SourceVersionDate "2010.11.25"]
[SourceQuality "1"]

1. c4 e6 2. Nf3 f5 3. g3 Nf6 4. Bg2 Be7 5. 0-0 0-0 6. b3 c6 7. Bb2 d5 8. d3 Re8 9. Nbd2 Nbd7 10. e4 Nc5 11. e5 Ng4 12. h3 Nh6 13. Ne1 Na6 14. a3 Rf8 15. f4 Bd7 16. b4 Nf7 17. Qe2 g6 18. Kh2 Nc7 19. Rc1 a5 20. bxa5 Rxa5 21. Nc2 b5 22. Nb3 Ra8 23. Nb4 Bxb4 24. axb4 Qe7 25. Bd4 Na6 26. Nc5 Rfe8 27. Qb2 bxc4 28. Nxa6 Rxa6 29. Bc5 Qd8 30. dxc4 Qb8 31. Ra1 Rxa1 32. Rxa1 Rc8 33. Qd4 g5 34. Ra5 h5 35. Ra3 h4 36. Be7 Be8 37. gxh4 gxf4 38. Qxf4 Qxe5 39. Rg3+ Kh7 40. Qxe5 Nxe5 41. cxd5 exd5 42. Bf6 Ng6 43. Re3 Nf4 44. Bf3 Bh5 45. Bg5 Bxf3 46. Rxf3 Ne6 47. Rxf5 Nxg5 48. hxg5 Kg6 49. Re5 Rb8 50. h4 Rxb4 51. Re6+ Kh5 52. Kg3 Rg4+ 1/2-1/2

[Event "Znojmo op2"]
[Site "Znojmo"]
[Date "2007.??.??"]
[Round "5"]
[White "Adam, Petr"]
[Black "Jadud, Oto"]
[Result "0-1"]
[WhiteElo "2095"]
[BlackElo "1970"]
[PlyCount "80"]
[EventDate "2007.04.??"]
[EventType "swiss"]
[EventRounds "9"]
[EventCountry "CZE"]
[SourceTitle "EXT 2010"]
[Source "ChessBase"]
[SourceDate "2010.11.25"]
[SourceVersion "1"]
[SourceVersionDate "2010.11.25"]
[SourceQuality "1"]

1. c4 e5 2. e3 Nf6 3. Nc3 d5 4. cxd5 Nxd5 5. Nf3 Nc6 6. Bb5 Nxc3 7. bxc3 Bd6 8. d4 exd4 9. cxd4 0-0 10. 0-0 Bg4 11. Be2 Kh8 12. Bb2 f5 13. d5 Bxf3 14. Bxf3 Ne5 15. Be2 f4 16. Qd4 Qg5 17. f3 Nd7 18. Qa4 Nb6 19. Qd4 Nxd5 20. h4 Qf6 21. e4 Qxd4+ 22. Bxd4 Ne3 23. Rfc1 Rac8 24. Rc3 c5 25. Rac1 b6 26. e5 Nf5 27. exd6 Nxd4 28. Ba6 Rcd8 29. Re1 Rxd6 30. Rcc1 Nf5 31. h5 Rd2 32. Rc4 Ne3 33. Re4 Rxg2+ 34. Kh1 Rxa2 35. Bb5 a6 36. Bd7 b5 37. Rg1 Rd2 38. Re7 Rd1 39. Rexg7 Rxg1+ 40. Rxg1 Rd8 0-1

[Event "Znojmo op2"]
[Site "Znojmo"]
[Date "2007.??.??"]
[Round "8"]
[White "Mlensky, Dalibor"]
[Black "Adam, Petr"]
[Result "1/2-1/2"]
[WhiteElo "2090"]
[BlackElo "2095"]
[PlyCount "110"]
[EventDate "2007.04.??"]
[EventType "swiss"]
[EventRounds "9"]
[EventCountry "CZE"]
[SourceTitle "EXT 2010"]
[Source "ChessBase"]
[SourceDate "2010.11.25"]
[SourceVersion "1"]
[SourceVersionDate "2010.11.25"]
[SourceQuality "1"]

1. e4 g6 2. d4 Bg7 3. Nc3 c6 4. f4 d5 5. e5 h5 6. Nf3 Nh6 7. Be3 Bg4 8. Be2 e6 9. h3 Bxf3 10. Bxf3 h4 11. Bg4 Nd7 12. Qd3 Bf8 13. Bxe6 fxe6 14. Qxg6+ Nf7 15. f5 exf5 16. e6 Qe7 17. Qxf5 0-0-0 18. Qxf7 Nb6 19. Qxe7 Bxe7 20. 0-0-0 Rd6 21. Bf4 Rxe6 22. Rde1 Rxe1+ 23. Rxe1 Kd7 24. Ne2 Rf8 25. b3 Nc8 26. Kb2 Nd6 27. g3 hxg3 28. Bxg3 Ne4 29. Be5 Ng5 30. Ng1 Bb4 31. c3 Be7 32. b4 Rf2+ 33. Kb3 Ne4 34. Re2 Rf1 35. Rg2 Bg5 36. Ne2 Rf3 37. h4 Bd2 38. Kc2 Bxc3 39. Nxc3 Rxc3+ 40. Kb2 Rh3 41. Rg7+ Ke6 42. Rxb7 Rxh4 43. Rc7 Nd2 44. Rxc6+ Kf5 45. a4 Nc4+ 46. Rxc4 dxc4 47. Kc3 Rh3+ 48. Kxc4 Ra3 49. Kb5 a6+ 50. Kxa6 Rxa4+ 51. Kb5 Ra2 52. Kb6 Ke4 53. b5 Rc2 54. Kb7 Kd5 55. b6 Rf2 1/2-1/2

[Event "CZE-chT2d 0607"]
[Site "Czech Republic"]
[Date "2006.11.19"]
[Round "3"]
[White "Adam, Petr"]
[Black "Kulovana, Eva"]
[Result "0-1"]
[WhiteElo "2086"]
[BlackElo "2263"]
[PlyCount "102"]
[EventDate "2006.10.15"]
[EventType "team-tourn"]
[EventRounds "11"]
[EventCountry "CZE"]
[SourceTitle "EXT 2009"]
[Source "ChessBase"]
[SourceDate "2008.11.26"]
[SourceVersion "1"]
[SourceVersionDate "2008.11.26"]
[SourceQuality "1"]

1. d4 Nf6 2. Nc3 d5 3. Bg5 Nbd7 4. f3 c6 5. e4 Qb6 6. e5 Ng8 7. a3 e6 8. f4 Ne7 9. Nf3 a6 10. Bd3 c5 11. 0-0 cxd4 12. Ne2 Nc6 13. b4 g6 14. Qe1 Bg7 15. Qf2 f6 16. exf6 Nxf6 17. Bxf6 Bxf6 18. c3 0-0 19. cxd4 Bd7 20. Qe3 Rae8 21. Ne5 Nxe5 22. fxe5 Bg7 23. Rxf8+ Rxf8 24. Rf1 Rxf1+ 25. Kxf1 a5 26. Qd2 axb4 27. axb4 Bb5 28. Bxb5 Qxb5 29. Qc3 Bf8 30. Qc8 Kf7 31. Qc7+ Be7 32. Qc8 Bf8 33. Qc7+ Be7 34. Qc8 Qxb4 35. Qh8 Qb1+ 36. Kf2 Qf5+ 37. Kg1 Qb1+ 38. Kf2 Qf5+ 39. Kg1 g5 40. h3 Qd3 41. Kf2 b5 42. Qc8 b4 43. Qc1 b3 44. Qc3 Qf5+ 45. Ke1 Qb1+ 46. Kd2 b2 47. Qb3 g4 48. Qc2 Bb4+ 49. Kd3 Qa1 50. Qc7+ Kg6 51. Nf4+ Kh6 0-1

[Event "Znojmo op"]
[Site "Znojmo"]
[Date "2006.05.20"]
[Round "8.1"]
[White "Adam, Petr"]
[Black "Kotan, Ladislav"]
[Result "0-1"]
[WhiteElo "2153"]
[BlackElo "2278"]
[PlyCount "88"]
[EventDate "2006.05.14"]
[EventType "swiss"]
[EventRounds "9"]
[EventCountry "CZE"]
[SourceTitle "CBM 112 Extra"]
[Source "ChessBase"]
[SourceDate "2006.07.14"]
[SourceVersion "1"]
[SourceVersionDate "2006.07.14"]
[SourceQuality "1"]

1. d4 d5 2. Nc3 Bf5 3. Bg5 c6 4. e3 h6 5. Bh4 Nd7 6. Bd3 Bxd3 7. cxd3 Qb6 8. Rb1 e6 9. Nf3 Be7 10. Bxe7 Nxe7 11. b4 0-0 12. 0-0 Rfc8 13. Qd2 Qc7 14. Rfc1 Qd6 15. Na4 b6 16. Rc2 f6 17. g3 e5 18. Rbc1 Qe6 19. Kg2 e4 20. Ne1 f5 21. Qe2 Qd6 22. Rb1 a6 23. Kg1 g5 24. Ng2 Rf8 25. Nc3 b5 26. a4 Nb6 27. a5 exd3 28. Qxd3 Nc4 29. Rb3 Qg6 30. Nd1 Rae8 31. Nb2 Rf6 32. f4 Re6 33. Nd1 Nc8 34. Re2 N8d6 35. Nf2 Qh5 36. Qc2 R8e7 37. Nd1 Rg7 38. Nf2 Rge7 39. Nd1 Ne4 40. Nb2 Nf6 41. Nd1 Ng4 42. Ne1 Ngxe3 43. Nxe3 Nxe3 44. Qa2 gxf4 0-1

[Event "Znojmo op"]
[Site "Znojmo"]
[Date "2006.05.18"]
[Round "6.5"]
[White "Mlynek, Petr"]
[Black "Adam, Petr"]
[Result "0-1"]
[WhiteElo "2256"]
[BlackElo "2153"]
[PlyCount "64"]
[EventDate "2006.05.14"]
[EventType "swiss"]
[EventRounds "9"]
[EventCountry "CZE"]
[SourceTitle "CBM 112 Extra"]
[Source "ChessBase"]
[SourceDate "2006.07.14"]
[SourceVersion "1"]
[SourceVersionDate "2006.07.14"]
[SourceQuality "1"]

1. d4 Nf6 2. c4 g6 3. Nf3 Bg7 4. g3 0-0 5. Bg2 d6 6. 0-0 Nc6 7. Nc3 Bf5 8. Nh4 Bd7 9. d5 Na5 10. Qd3 c5 11. b3 a6 12. Bb2 Rb8 13. Rab1 b5 14. Ba1 Qc7 15. Nf3 b4 16. Ne4 Nxe4 17. Bxg7 Kxg7 18. Qxe4 Bf5 19. Qh4 Bxb1 20. Rxb1 Nb7 21. e4 Rbe8 22. Re1 e5 23. dxe6 f6 24. g4 Nd8 25. g5 Nxe6 26. Bh3 Nxg5 27. Nxg5 fxg5 28. Qxg5 Re5 29. Qd2 Qe7 30. Bg2 g5 31. Rd1 Rf6 32. h4 g4 0-1

[Event "Znojmo op"]
[Site "Znojmo"]
[Date "2006.05.17"]
[Round "4.12"]
[White "Adam, Petr"]
[Black "Filzmaier, Bruno"]
[Result "1-0"]
[WhiteElo "2153"]
[BlackElo "1973"]
[PlyCount "61"]
[EventDate "2006.05.14"]
[EventType "swiss"]
[EventRounds "9"]
[EventCountry "CZE"]
[SourceTitle "CBM 112 Extra"]
[Source "ChessBase"]
[SourceDate "2006.07.14"]
[SourceVersion "1"]
[SourceVersionDate "2006.07.14"]
[SourceQuality "1"]

1. d4 e6 2. c4 d5 3. Nc3 Nf6 4. cxd5 exd5 5. Bg5 Be7 6. e3 c6 7. Qc2 0-0 8. Bd3 g6 9. Nge2 Nh5 10. Bxe7 Qxe7 11. 0-0-0 f5 12. Ng3 Ng7 13. h4 h5 14. Nge2 Ne6 15. Rde1 Nd7 16. f3 Nf6 17. e4 Ng7 18. exd5 Nxd5 19. Nxd5 cxd5 20. Kb1 Be6 21. Nf4 Qf7 22. Re5 Rac8 23. Qe2 Rc6 24. Re1 Re8 25. Bb5 Bd7 26. Rxe8+ Nxe8 27. Bxc6 Bxc6 28. Qe6 Nf6 29. Qd6 Qf8 30. Qxf8+ Kxf8 31. Nxg6+ 1-0

[Event "Znojmo op"]
[Site "Znojmo"]
[Date "2006.05.15"]
[Round "2.2"]
[White "Adam, Petr"]
[Black "Vokac, Marek"]
[Result "0-1"]
[WhiteElo "2153"]
[BlackElo "2455"]
[PlyCount "62"]
[EventDate "2006.05.14"]
[EventType "swiss"]
[EventRounds "9"]
[EventCountry "CZE"]
[SourceTitle "CBM 112 Extra"]
[Source "ChessBase"]
[SourceDate "2006.07.14"]
[SourceVersion "1"]
[SourceVersionDate "2006.07.14"]
[SourceQuality "1"]

1. Nf3 c5 2. c4 g6 3. g3 Bg7 4. Bg2 Nc6 5. 0-0 d6 6. d3 f5 7. Nc3 Nf6 8. Rb1 0-0 9. a3 a5 10. Bg5 h6 11. Bd2 e5 12. Nd5 Nxd5 13. cxd5 Ne7 14. b4 axb4 15. axb4 b6 16. bxc5 bxc5 17. Qb3 e4 18. Ne1 Ba6 19. Nc2 exd3 20. exd3 Qc7 21. Ne3 f4 22. Nc4 f3 23. Bh1 Nf5 24. Qb6 Nd4 25. Rfe1 Qxb6 26. Rxb6 Bxc4 27. dxc4 Ra2 28. Bf4 Ne2+ 29. Kf1 Nxf4 30. gxf4 Bd4 31. Re3 Bxe3 0-1

[Event "Znojmo op"]
[Site "Znojmo"]
[Date "2005.05.22"]
[Round "9"]
[White "Hruby, Vaclav"]
[Black "Adam, Petr"]
[Result "0-1"]
[WhiteElo "1882"]
[BlackElo "2129"]
[PlyCount "96"]
[EventDate "2005.05.15"]
[EventType "swiss"]
[EventRounds "9"]
[EventCountry "CZE"]
[SourceTitle "CBM 106 Extra"]
[Source "ChessBase"]
[SourceDate "2005.07.01"]
[SourceVersion "1"]
[SourceVersionDate "2005.07.01"]
[SourceQuality "1"]

1. Nf3 g6 2. d4 Bg7 3. c4 Nf6 4. Nc3 0-0 5. g3 d6 6. Bg2 Nc6 7. 0-0 Bf5 8. Re1 Ne4 9. e3 Nxc3 10. bxc3 Be4 11. Nd2 Bxg2 12. Kxg2 e5 13. d5 Na5 14. e4 b6 15. Qe2 Qd7 16. Nb3 Nb7 17. Be3 a5 18. a4 f5 19. f3 Rf7 20. Qa2 Raf8 21. Qe2 h6 22. Nd2 g5 23. h3 f4 24. Bf2 fxg3 25. Kxg3 Qe8 26. Be3 Rf6 27. Kh2 Kf7 28. Qg2 Ke7 29. Rf1 Kd8 30. Rf2 Rg8 31. Nf1 Bf8 32. Ng3 h5 33. Nf5 Rfg6 34. Qg3 Be7 35. Rc2 Kc8 36. Qf2 Bd8 37. Qe1 Qd7 38. Kg1 Qh7 39. Raa2 Kb8 40. Kf1 g4 41. hxg4 hxg4 42. Rh2 Qd7 43. fxg4 Rxg4 44. Nh6 Rf8+ 45. Rhf2 Rxf2+ 46. Bxf2 Rf4 47. Nf5 Nc5 48. Ng3 Bh4 0-1

[Event "Znojmo op"]
[Site "Znojmo"]
[Date "2005.05.18"]
[Round "5"]
[White "Vogel, Jaap"]
[Black "Adam, Petr"]
[Result "1/2-1/2"]
[WhiteElo "2297"]
[BlackElo "2129"]
[PlyCount "45"]
[EventDate "2005.05.15"]
[EventType "swiss"]
[EventRounds "9"]
[EventCountry "CZE"]
[SourceTitle "CBM 106 Extra"]
[Source "ChessBase"]
[SourceDate "2005.07.01"]
[SourceVersion "1"]
[SourceVersionDate "2005.07.01"]
[SourceQuality "1"]

1. Nf3 g6 2. d4 Bg7 3. g3 Nf6 4. Bg2 0-0 5. 0-0 d6 6. c4 Nc6 7. Nc3 Bf5 8. Ne1 Qc8 9. e4 Bh3 10. Nc2 e5 11. d5 Ne7 12. f4 exf4 13. gxf4 Bxg2 14. Kxg2 Re8 15. Nd4 Nh5 16. f5 c5 17. Nc2 Nf6 18. Qf3 Kh8 19. Bg5 Neg8 20. Ne3 Nd7 21. Ng4 Ne5 22. Nxe5 Bxe5 23. Rac1 1/2-1/2

[Event "CZE-chT2d 0405"]
[Site "Czech Republic"]
[Date "2005.??.??"]
[Round "6"]
[White "Adam, Petr"]
[Black "Mlynek, Petr"]
[Result "0-1"]
[WhiteElo "2139"]
[BlackElo "2187"]
[PlyCount "86"]
[EventDate "2004.10.??"]
[EventType "team-tourn"]
[EventRounds "11"]
[EventCountry "CZE"]
[SourceTitle "EXT 2007"]
[Source "ChessBase"]
[SourceDate "2006.11.23"]
[SourceVersion "1"]
[SourceVersionDate "2006.11.23"]
[SourceQuality "1"]

1. g3 d5 2. Bg2 Nf6 3. d3 c6 4. Nd2 Bg4 5. c4 e6 6. Qa4 Nbd7 7. b4 Be7 8. b5 Nc5 9. Qc2 cxb5 10. cxb5 Rc8 11. Bb2 0-0 12. Ngf3 Qb6 13. Bd4 Qxb5 14. Rb1 Qa5 15. Qb2 b6 16. 0-0 Na4 17. Qb3 Nc3 18. Bxc3 Rxc3 19. Qb2 Rfc8 20. Nb3 Qa3 21. Qxa3 Bxa3 22. Nbd4 Bxf3 23. Bxf3 a6 24. e3 b5 25. Rfd1 e5 26. Nf5 Rc2 27. Rb3 Bf8 28. Ra1 g6 29. Nh4 Rc1+ 30. Rxc1 Rxc1+ 31. Kg2 e4 32. dxe4 dxe4 33. Be2 Rc2 34. Bd1 Rxa2 35. Rb1 Ba3 36. g4 Rb2 37. Ra1 b4 38. Kg3 Nd5 39. g5 Nc3 40. Bg4 Rb1 41. Rxb1 Nxb1 42. Kf4 Nd2 43. f3 b3 0-1

[Event "Znojmo Hostan op"]
[Site "Znojmo"]
[Date "2004.05.20"]
[Round "6"]
[White "Normann, Oyvind"]
[Black "Adam, Petr"]
[Result "1-0"]
[WhiteElo "1949"]
[BlackElo "2139"]
[PlyCount "135"]
[EventDate "2004.05.15"]
[EventType "swiss"]
[EventRounds "9"]
[EventCountry "CZE"]
[SourceTitle "CBM 100 Extra"]
[Source "ChessBase"]
[SourceDate "2004.07.06"]
[SourceVersion "2"]
[SourceVersionDate "2004.07.06"]
[SourceQuality "1"]

1. e4 g6 2. d4 Bg7 3. Nc3 c6 4. f4 d5 5. Nf3 Bg4 6. e5 h5 7. Bd3 Nh6 8. Be3 e6 9. Qd2 Bxf3 10. gxf3 Nd7 11. 0-0-0 Bf8 12. Na4 Nf5 13. Kb1 b5 14. Nc5 Bxc5 15. dxc5 Qe7 16. b4 a5 17. a3 0-0 18. Kb2 axb4 19. axb4 Ra4 20. Ra1 Rfa8 21. Rxa4 Rxa4 22. Ra1 Rxa1 23. Kxa1 Qe8 24. Kb2 Nf8 25. c3 Qd8 26. Bf2 Qa8 27. Bc2 Qa7 28. Qe1 Qd7 29. Qg1 Qd8 30. Qg5 f6 31. exf6 Kf7 32. Bd4 Nxd4 33. cxd4 Qxf6 34. Qe5 Qxe5 35. fxe5 g5 36. Kc3 Ng6 37. Kd3 Nf4+ 38. Ke3 h4 39. Bb1 h3 40. Kf2 Nh5 41. Bd3 Nf4 42. Bf1 Ke7 43. Kg3 Kf7 44. Kg4 Ng2 45. Kxg5 Ne3 46. Bd3 Nd1 47. Kh4 Ke7 48. Bc2 Ne3 49. Bd3 Nd1 50. Bc2 Nc3 51. Kxh3 Ne2 52. Kg4 Nxd4 53. Bd3 Nb3 54. h4 Nc1 55. Bf1 Kf7 56. h5 Na2 57. Bxb5 Nxb4 58. Ba4 Nd3 59. f4 Nxc5 60. Bxc6 Nd3 61. Kg5 Nf2 62. f5 d4 63. fxe6+ Kxe6 64. h6 d3 65. h7 d2 66. Ba4 Ne4+ 67. Kh6 Nc3 68. Bd1 1-0

[Event "CZE-chT2d 0304"]
[Site "Czech Republic"]
[Date "2004.??.??"]
[Round "?"]
[White "Adam, Petr"]
[Black "Piza, Vlastimil"]
[Result "0-1"]
[WhiteElo "2170"]
[BlackElo "2282"]
[PlyCount "64"]
[EventDate "2003.??.??"]
[EventType "team-tourn"]
[EventRounds "11"]
[EventCountry "CZE"]
[SourceTitle "EXT 2007"]
[Source "ChessBase"]
[SourceDate "2006.11.23"]
[SourceVersion "1"]
[SourceVersionDate "2006.11.23"]
[SourceQuality "1"]

1. c4 e5 2. e3 Nf6 3. a3 g6 4. b4 Bg7 5. Bb2 d6 6. Nf3 0-0 7. d4 e4 8. Nfd2 Re8 9. Nc3 h5 10. Qc2 Bf5 11. Be2 Nbd7 12. h3 c5 13. Nb5 Qb8 14. Rg1 g5 15. Bxh5 a6 16. Nc3 cxd4 17. exd4 Nxh5 18. g4 Bh7 19. gxh5 e3 20. Nde4 exf2+ 21. Qxf2 Bxe4 22. 0-0-0 Bh6 23. Nxe4 Rxe4 24. Qf5 Qe8 25. Rxg5+ Kf8 26. d5 Re5 27. Bxe5 Qxe5 28. Qxe5 Nxe5 29. h4 f6 30. Rdg1 Nf7 31. Kc2 fxg5 32. hxg5 Bxg5 0-1

[Event "CZE-chT2d 0304"]
[Site "Czech Republic"]
[Date "2004.??.??"]
[Round "?"]
[White "Riska, Lubomir"]
[Black "Adam, Petr"]
[Result "1/2-1/2"]
[WhiteElo "2192"]
[BlackElo "2139"]
[PlyCount "118"]
[EventDate "2003.??.??"]
[EventType "team-tourn"]
[EventRounds "11"]
[EventCountry "CZE"]
[SourceTitle "EXT 2007"]
[Source "ChessBase"]
[SourceDate "2006.11.23"]
[SourceVersion "1"]
[SourceVersionDate "2006.11.23"]
[SourceQuality "1"]

1. Nf3 Nf6 2. c4 d6 3. d4 g6 4. Nc3 Bg7 5. e4 0-0 6. Be2 Na6 7. 0-0 e5 8. Re1 c6 9. Bf1 Bg4 10. d5 c5 11. h3 Bd7 12. Bg5 h6 13. Be3 Kh7 14. g4 Ng8 15. Nd2 Bf6 16. f4 exf4 17. Bxf4 Bd4+ 18. Kg2 Qf6 19. Bg3 Be5 20. Bxe5 dxe5 21. Bd3 Nc7 22. Rf1 Qe7 23. a3 Ne8 24. Rb1 a5 25. b3 b6 26. Rb2 Ng7 27. Nf3 Nf6 28. Qe1 Nfe8 29. Qg3 f6 30. h4 Nd6 31. Rbf2 Rae8 32. Kh2 h5 33. g5 f5 34. Nd2 f4 35. Qg2 Ra8 36. Rb1 Nf7 37. Be2 Rfb8 38. a4 Ne8 39. Bf3 Ned6 40. Rg1 Rf8 41. Qf1 Kg7 42. Bg2 Bg4 43. Bh3 Qd7 44. Qg2 Bxh3 45. Qxh3 Qxh3+ 46. Kxh3 Rae8 47. Kg2 Re7 48. Kf3 Rd8 49. Ke2 Kf8 50. Kd3 Kg7 51. Ndb1 Kg8 52. Re1 Kg7 53. Na3 Kg8 54. Nab5 Kg7 55. Ra1 Kg8 56. Rc2 Kg7 57. Nxd6 Nxd6 58. Nb5 Kf7 59. Nxd6+ Rxd6 1/2-1/2

[Event "MOR-chT 0203"]
[Site "Moravia"]
[Date "2003.04.06"]
[Round "11"]
[White "Muzik, Martin"]
[Black "Adam, Petr"]
[Result "1-0"]
[WhiteElo "2265"]
[BlackElo "2194"]
[PlyCount "63"]
[EventDate "2002.10.??"]
[EventType "team-tourn"]
[EventRounds "11"]
[EventCountry "CZE"]
[SourceTitle "EXT 2006"]
[Source "ChessBase"]
[SourceDate "2005.11.24"]
[SourceVersion "1"]
[SourceVersionDate "2005.11.24"]
[SourceQuality "1"]

1. e4 d6 2. d4 Nf6 3. Nc3 g6 4. Nf3 Bg7 5. h3 0-0 6. Be3 h6 7. Qd2 Kh7 8. 0-0-0 Nc6 9. g4 Nd7 10. d5 Nb4 11. Kb1 c5 12. a3 Na6 13. Ne1 b5 14. Nxb5 Rb8 15. c4 Qb6 16. Nd3 Nc7 17. Nxc7 Qxc7 18. Ka2 Ba6 19. Qc2 Rb7 20. b3 Rfb8 21. Rb1 Nb6 22. Be2 e6 23. Nf4 Qe7 24. h4 Qf6 25. h5 Na4 26. hxg6+ fxg6 27. Bd2 exd5 28. exd5 Kg8 29. Ne6 Qxf2 30. Nxg7 Qxe2 31. Ne6 Kh7 32. Rxh6+ 1-0

[Event "MOR-chT2S 0203"]
[Site "Moravia"]
[Date "2002.10.01"]
[Round "4"]
[White "Cely, Jaroslav"]
[Black "Adam, Petr"]
[Result "1/2-1/2"]
[WhiteElo "2168"]
[BlackElo "2194"]
[PlyCount "62"]
[EventDate "2002.10.??"]
[EventType "team-tourn"]
[EventRounds "11"]
[EventCountry "CZE"]
[SourceTitle "EXT 2006"]
[Source "ChessBase"]
[SourceDate "2005.11.24"]
[SourceVersion "1"]
[SourceVersionDate "2005.11.24"]
[SourceQuality "1"]

1. e4 d6 2. d4 Nf6 3. Nc3 g6 4. Bc4 Bg7 5. Nf3 0-0 6. Qe2 Bg4 7. e5 Nh5 8. e6 Nc6 9. exf7+ Kh8 10. Be3 e5 11. dxe5 Nxe5 12. Bd5 c6 13. h3 Bxf3 14. Bxf3 Nxf3+ 15. Qxf3 d5 16. Bc5 Qa5 17. Bxf8 Rxf8 18. 0-0 Nf6 19. Rae1 Qc7 20. Qe3 a6 21. Qe7 Rxf7 22. Qxc7 Rxc7 23. Na4 Bf8 24. b3 b5 25. Nb2 Ne4 26. Re3 Bc5 27. Rd3 Rf7 28. Nd1 Bb6 29. Ne3 Nc5 30. Rdd1 Ne4 31. Rd3 Nc5 1/2-1/2

[Event "Znojmo Rotunda op"]
[Site "Znojmo"]
[Date "2002.??.??"]
[Round "6"]
[White "Adam, Petr"]
[Black "Holemar, David"]
[Result "1/2-1/2"]
[WhiteElo "2108"]
[BlackElo "2284"]
[PlyCount "26"]
[EventDate "2002.??.??"]
[EventType "swiss"]
[EventRounds "9"]
[EventCountry "CZE"]
[SourceTitle "EXT 2003"]
[Source "ChessBase"]
[SourceDate "2002.11.25"]
[SourceVersion "1"]
[SourceVersionDate "2002.11.25"]
[SourceQuality "1"]

1. c4 g6 2. Nc3 Bg7 3. Nf3 Nf6 4. e4 e5 5. Be2 0-0 6. d3 d6 7. Bg5 h6 8. Bd2 c6 9. Qc1 Kh7 10. h4 h5 11. Ng5+ Kg8 12. f3 d5 13. Qc2 d4 1/2-1/2

[Event "Znojmo op-A"]
[Site "Znojmo"]
[Date "1997.??.??"]
[Round "?"]
[White "Adam, Petr"]
[Black "Krouzel, Jaroslav"]
[Result "1/2-1/2"]
[WhiteElo "2100"]
[BlackElo "2315"]
[PlyCount "111"]
[EventDate "1997.??.??"]
[EventType "swiss"]
[EventRounds "9"]
[EventCountry "CZE"]
[SourceTitle "EXT 1998"]
[Source "ChessBase"]
[SourceDate "1997.11.17"]
[SourceVersion "1"]
[SourceVersionDate "1997.11.17"]
[SourceQuality "1"]

1. g3 f5 2. Bg2 Nf6 3. d3 e5 4. Nf3 Nc6 5. 0-0 Be7 6. c4 0-0 7. Nc3 d6 8. Rb1 Qe8 9. b4 Qh5 10. b5 Nd8 11. Nd5 Nxd5 12. cxd5 Nf7 13. Rb4 g5 14. Nd2 Bd7 15. e4 g4 16. exf5 Bxf5 17. h3 Qg6 18. hxg4 Bxd3 19. Be4 Bxe4 20. Nxe4 Ng5 21. Bxg5 Bxg5 22. Kg2 Rf7 23. Qe2 Rg7 24. Ra4 Qf7 25. Rd1 Qd7 26. Rb1 a5 27. Rc4 b6 28. Rb3 Rf8 29. a4 Bd8 30. Rbc3 Kh8 31. g5 Rff7 32. Qc2 Qf5 33. f3 Rf8 34. Rc6 Qf7 35. Nf6 Qg6 36. Qxg6 Rxg6 37. Rxc7 Bxf6 38. gxf6 Rgxf6 39. Rd7 e4 40. fxe4 Rf2+ 41. Kh3 Ra2 42. Rxd6 Rxa4 43. Re6 Kg7 44. e5 Rd4 45. d6 a4 46. Rc7+ Rf7 47. Re8 a3 48. Ra8 a2 49. Raa7 Rxc7 50. dxc7 Rd7 51. e6 a1Q 52. Rxa1 Rxc7 53. Rd1 Rc5 54. Rd7+ Kg6 55. e7 Kf7 56. Rb7 1/2-1/2

[Event "Znojmo op-A"]
[Site "Znojmo"]
[Date "1997.??.??"]
[Round "?"]
[White "Balsinek, Pavel"]
[Black "Adam, Petr"]
[Result "0-1"]
[WhiteElo "1885"]
[BlackElo "2100"]
[PlyCount "58"]
[EventDate "1997.??.??"]
[EventType "swiss"]
[EventRounds "9"]
[EventCountry "CZE"]
[SourceTitle "EXT 1998"]
[Source "ChessBase"]
[SourceDate "1997.11.17"]
[SourceVersion "1"]
[SourceVersionDate "1997.11.17"]
[SourceQuality "1"]

1. e4 e6 2. d4 b6 3. Nc3 Bb7 4. f4 Bb4 5. Bd3 Nf6 6. Qe2 c5 7. dxc5 bxc5 8. Bd2 Nc6 9. Nf3 Nd4 10. Nxd4 cxd4 11. Nb1 Be7 12. 0-0 Qb6 13. Na3 Bxe4 14. Nc4 Qb7 15. Rae1 d5 16. Ne5 h5 17. Bb5+ Kf8 18. Bc6 Qb6 19. Bxa8 d3+ 20. Qe3 Bc5 21. cxd3 Bxe3+ 22. Bxe3 d4 23. Bf2 Bxa8 24. Bh4 Qb7 25. Rf2 Ng4 26. Nxg4 hxg4 27. Bg3 Rh5 28. f5 Rg5 29. Bd6+ Kg8 0-1